000 00626nam a2200265Ia 4500
008 160620s9999||||xx |||||||||||||| ||und||
040 _cEnglish
082 _aXV.E/Barker
082 _bBORI-53027
100 _aErnest Barker
245 _a"Church, State and Study"
300 _a280
300 _cB
300 _eHardbound
530 _bPatwardhan
530 _u00053027.pdf
563 _aRef
600 _aErnest Barker
630 _a"Church, State and Study"
650 _aCollected Works
650 _aReference
700 _aErnest Barker
730 _a"Church, State and Study"
942 _cBOOK
999 _c1390315
_d1390312